000 00369nam a2200157Ia 4500
003 Ost
005 20260225132543.0
008 260225s9999||||xx |||||||||||||| ||und||
040 _cfsic
041 _afre
082 _a440
100 _aMostefaoui Belkacem
_eAuteur
245 0 _aL'usage des médias en question /
245 0 _cMostefaoui Belkacem
942 _cكتاب
999 _c33676
_d33676